[Event "BEL-chT 1415"]
[Site "Belgium"]
[Date "2015.03.15"]
[Round "10.8"]
[White "Huesmann, Thomas"]
[Black "Pacolet, Fabrice"]
[Result "1-0"]
[WhiteElo "2196"]
[BlackElo "1881"]
[PlyCount "57"]
[EventDate "2014.09.28"]
[EventType "team-swiss"]
[EventRounds "11"]
[EventCountry "BEL"]
[SourceTitle "EXT 2016"]
[Source "ChessBase"]
[SourceDate "2015.10.08"]
[SourceVersion "1"]
[SourceVersionDate "2015.10.08"]
[SourceQuality "1"]
[WhiteTeam "KSK Rochade"]
[BlackTeam "Namur"]
[WhiteTeamCountry "BEL"]
[BlackTeamCountry "BEL"]

1. e4 e5 2. Nf3 Nc6 3. Bc4 Bc5 4. c3 Nf6 5. d3 d6 6. Bb3 h6 7. Nbd2 a6 8. 0-0 0-0 9. h3 b5 10. Re1 Bb7 11. Nf1 Ne7 12. Ng3 Ng6 13. Nf5 Kh7 14. Bc2 Bc8 15. g4 Bxf5 16. exf5 Nf4 17. Bxf4 exf4 18. d4 Ba7 19. Qd2 g5 20. fxg6+ fxg6 21. Qd3 Rg8 22. Re6 Qf8 23. Nh4 Qf7 24. Rae1 Rae8 25. Rxe8 Nxe8 26. Nxg6 Rxg6 27. Qxg6+ Qxg6 28. Bxg6+ Kxg6 29. Rxe8 1-0

[Event "BEL FEFB-ch Elite"]
[Site "Manage"]
[Date "2008.05.12"]
[Round "7"]
[White "Mohandesi, Shahin"]
[Black "Pacolet, Fabrice"]
[Result "1-0"]
[WhiteElo "2323"]
[BlackElo "1843"]
[PlyCount "69"]
[EventDate "2008.05.01"]
[EventType "swiss"]
[EventRounds "7"]
[EventCountry "BEL"]
[SourceTitle "EXT 2019"]
[Source "ChessBase"]
[SourceDate "2018.10.10"]
[SourceVersion "1"]
[SourceVersionDate "2018.10.10"]
[SourceQuality "1"]

1. d4 d5 2. Nf3 Nf6 3. c4 c6 4. e3 e6 5. Nc3 Nbd7 6. b3 Bd6 7. Be2 0-0 8. Qc2 b6 9. 0-0 Bb7 10. a4 Qe7 11. a5 e5 12. a6 Bc8 13. cxd5 cxd5 14. Nb5 Bb4 15. Ra4 exd4 16. exd4 Rd8 17. Bg5 h6 18. Bh4 Nf8 19. Ne5 Bd7 20. Bxf6 gxf6 21. Nxd7 Rxd7 22. Bg4 Rdd8 23. Qd3 Bd6 24. g3 Nh7 25. h4 Re8 26. Ra2 Qd8 27. Rc1 Nf8 28. Kg2 Ne6 29. Bxe6 Rxe6 30. Rac2 Re4 31. Nxa7 Qe7 32. Nc8 Qe6 33. Rc6 Rxc8 34. Rxc8+ Kg7 35. a7 1-0